000
00152nam a22000857a 4500
082
_a
001
100
_a
CBSE
245
_a
TEACHERS MANUAL (IX-X)
942
_c
BK
999
_c
8449
_d
8449